| 000 | 00525nam a22001457a 4500 | ||
|---|---|---|---|
| 005 | 20120418122139.0 | ||
| 020 |
_a8186724004 _c400.00 |
||
| 035 | _aB-28202 | ||
| 037 |
_aDPL _bENG |
||
| 245 |
_aWomen : _bHuman rights religion and violence / _cedited by Reicha Tanwar |
||
| 260 |
_aKurukshetra _bNirmal Book Agency _c1998 |
||
| 300 |
_a241p. _c20 cms. |
||
| 942 |
_2ddc _cEN _h305.4 _mWOM |
||
| 999 |
_c65205 _d65205 |
||